| Tag |
First Indicator |
Second Indicator |
Subfields |
| LEADER |
00000cam a2200000 a 4500 |
| 001 |
in00001404833 |
| 005 |
20151020064022.0 |
| 008 |
970612s1997 nyua 000 0 eng d |
| 010 |
|
|
|a 97184758
|
| 019 |
|
|
|a 36966112
|
| 020 |
|
|
|a 0385480253
|
| 020 |
|
|
|a 0385486820 :
|c $23.95 ($32.95 Can.)
|
| 024 |
3 |
0 |
|a 780385486828
|d 52395
|
| 035 |
|
|
|a (OCoLC)37106969
|
| 035 |
|
|
|9 AHP4328AM
|
| 040 |
|
|
|a IWhN
|c DLC
|d JED
|d TXA
|d UtOrBLW
|
| 042 |
|
|
|a lccopycat
|
| 043 |
|
|
|a n-us-ga
|a n-us---
|
| 049 |
|
|
|a TXAM
|
| 050 |
0 |
0 |
|a GV886
|b .C67 1997
|
| 092 |
0 |
|
|a 796.323082
|b COR
|2 21
|
| 100 |
1 |
|
|a Corbett, Sara.
|
| 245 |
1 |
0 |
|a Venus to the hoop :
|b a gold-medal year in women's basketball /
|c Sara Corbett.
|
| 250 |
|
|
|a 1st ed.
|
| 264 |
|
1 |
|a New York :
|b Doubleday,
|c [1997]
|
| 264 |
|
4 |
|c ©1997
|
| 300 |
|
|
|a vi, 342 pages :
|b illustrations ;
|c 25 cm.
|
| 336 |
|
|
|a text
|b txt
|2 rdacontent
|
| 337 |
|
|
|a unmediated
|b n
|2 rdamedia
|
| 338 |
|
|
|a volume
|b nc
|2 rdacarrier
|
| 611 |
2 |
0 |
|a Olympic Games
|n (26th :
|d 1996 :
|c Atlanta, Ga.)
|
| 650 |
|
0 |
|a Basketball for women
|z United States.
|
| 650 |
|
0 |
|a Women basketball players
|z United States.
|
| 948 |
|
|
|a c:ce
|
| 999 |
|
|
|a MARS
|
| 999 |
f |
f |
|s b4b6f3ce-ef17-3eab-8352-dc238a6461d2
|i 6c10bca5-6e0d-3342-9a8f-d2d07c8ccdd7
|t 0
|
| 952 |
f |
f |
|p ric
|a Texas A&M University
|b Rellis Campus
|c Joint Library Facility
|d Remote Storage
|t 0
|e GV886 .C67 1997
|h Library of Congress classification
|i unmediated -- volume
|m A14823371223
|
| 998 |
f |
f |
|a GV886 .C67 1997
|t 0
|l Remote Storage
|